Sbírka příkladů a úloh ze základů elektrotechniky /

Uložené v:
Podrobná bibliografia
Hlavní autori: Blahovec, Antonín (Author), Staňková, Věra (Author)
Médium: Kniha
Jazyk:Czech
Vydané: Praha : Státní nakladatelství technické literatury, 1981.
Vydanie:1. vyd.
ISBN: (viaz.)
Fyzický popis: 199 s. : 170 obr.
Tagy: Pridať tag
Žiadne tagy, Buďte prvý kto otaguje tento záznam!

MARC

LEADER 00000cam a22000007a 4500
001 000153708
005 20091108193445.0
008 980428s1981 xr e 000 0 cze d
020 |a (viaz.) 
040 |a SVKKK  |b slo  |c SVKKK  |e AACR2 
041 0 |a cze 
044 |a xr  |c CZ 
100 1 |a Blahovec, Antonín  |4 aut 
245 1 0 |a Sbírka příkladů a úloh ze základů elektrotechniky /  |c Antonín Blahovec, Věra Staňková. 
250 |a 1. vyd. 
260 |a Praha :  |b Státní nakladatelství technické literatury,  |c 1981. 
300 |a 199 s. :  |b 170 obr. 
500 |a Schvál. ... ako učebný text pre stredné priemyslové školy... . 
700 1 |a Staňková, Věra  |4 aut 
910 |a svkkk 
998 |a BK 
090 |g SCKHL  |k Sklad Pribinova 2. posch.  |a II.263729  |j 631983  |i 153708-10  |s Absenčne